Real names of Vanoss and his friends - Statistics

General Stats
  • This quiz has been taken 213 times
  • The average score is 13 of 22
Answer Stats
Hint Answer % Correct
VanossGaming Evan Fong
98%
Terroriser Brian Michael Hanby
96%
I AM WILDCAT Tyler Wine
92%
Moo Snuckel Brock Barrus
87%
BasicallyIDoWrk Marcel Cunningham
87%
Lui Calibre Lui calibre
83%
Fourzer0seven Scott
78%
Mr Sark Scott Matthew Robison
78%
BigJigglyPanda Anthony
73%
ChilledChaos Anthony
73%
Kryoz John Keyes
73%
Daithi De Nogla David Nagle
67%
Bryce Games Bryce McQuaid
65%
Miniladd Craig Thompson
62%
H2ODelirious Jonathan Dennis
51%
CaRtOoNz Luke Patterson
33%
Ohmwrecker Ryan
29%
Racingcatz Cody
24%
SeaNanners Adam Montoya
22%
SMii7Y Jaren Smith
22%
SilentDroidd (Not Carlos) Arlan
11%
Sp00nerism Nick
10%
No matching quizzes found
Score Distribution
Percent of People with Each Score
Percentile by Number Answered
Your Score History
You have not taken this quiz